| 000 | 00697nam a22002177a 4500 | ||
|---|---|---|---|
| 999 |
_c4088 _d4088 |
||
| 003 | AR-CdUCM | ||
| 008 | 190307b ||||| |||| 00| 0 eng d | ||
| 040 |
_aMUNICIPALIDAD PROVINCIAL DEL CUSCO _cBIBLIOTECA MUNICIPAL DEL CUSCO |
||
| 082 |
_a869.56 / _bO26 |
||
| 100 |
_aO´brien, Peter _95605 |
||
| 245 | _aEl contrato finch / | ||
| 260 |
_aLima : _bCopé, _c1993. |
||
| 300 |
_a108 paginas ; _c20 cm. |
||
| 505 | _aContenido : Diario de viajes -- Ciudad de los reyes -- Historia verdadera ... | ||
| 650 |
_aLiteratura peruana _9169 |
||
| 650 |
_aLiteratura Latinoamericano _912971 |
||
| 650 |
_aLiteratura universal _9611 |
||
| 710 |
_aPetroperu _912972 |
||
| 942 |
_2ddc _cLIBROS |
||
| 945 | _arah | ||